Bagres, malleros y cuerderos en el bajo Río Caquetá (Registro nro. 17936)
[ vista simple ]
| 000 -CABECERA | |
|---|---|
| Campo de control | 00876cam a2200217 i 4500 |
| 005 - FECHA Y HORA DE LA ULTIMA TRANSACCION | |
| Campo de control | 20200104041735.0 |
| 008 - ELEMENTOS DE LONGITUD FIJA—INFORMACION GENERAL | |
| Campo de control | 930915s1991 ck ab b 000 0 spa d |
| 040 ## - FUENTE DE CATALOGACIÓN | |
| Agencia catalogadora original | MoSB |
| Agencia transcriptora | DLC |
| Agencia Modificadora | DLC |
| -- | CO-BoIAVH |
| 041 0# - IDIOMA | |
| Código de idioma para texto/pista de sonido o título separado | Español |
| Código de idioma del sumario o resumen/título o subtítulo sobreimpreso | eng |
| 082 04 - NUMERO DE CLASIFICACION DECIMAL DEWEY | |
| Número de clasificación | 381.437 |
| Número del ítem | R69b |
| 100 1# - ASIENTO PRINCIPAL--NOMBRE PERSONAL | |
| Nombre personal | Rodríguez Fernández, Carlos Alberto. |
| 9 (RLIN) | 6869 |
| 245 10 - MENCION DE TITULO | |
| Título | Bagres, malleros y cuerderos en el bajo Río Caquetá |
| Parte restante del título | commercial fisheries in the lower Caqueta River / |
| Mención de responsabilidad | por Carlos Alberto Rodríguez Fernández. |
| 260 ## - PUBLICACION, DISTRIBUCION, ETC. (PIE DE IMPRENTA) | |
| Lugar de publicación, distribución, etc. | Bogotá : |
| Nombre del editor, distribuidor, etc. | Tropenbos, |
| Fecha de publicación, distribución, etc. | 1991. |
| 300 ## - DESCRIPCION FISICA | |
| Extensión | 152 páginas : |
| Otros detalles físicos | ilustraciones y mapas ; |
| Dimensiones | 24 cm. |
| 490 0# - MENCION DE SERIE | |
| Mención de serie | Estudios en la Amazonia colombiana ; |
| Designación numérica/secuencial del volumen | 2 |
| 504 ## - NOTA DE BIBLIOGRAFIA, ETC. | |
| Nota de bibliografía | Incluye referencias bibliográficas. |
| 546 ## - NOTA DE IDIOMA | |
| Nota de idioma | Texto en español e inglès. |
| 650 14 - ASIENTO SECUNDARIO DE MATERIA - TERMINO TEMATICO | |
| Término temático o nombre geográfico como elemento de entrada | Industria pesquera |
| 9 (RLIN) | 328 |
| 650 24 - ASIENTO SECUNDARIO DE MATERIA - TERMINO TEMATICO | |
| Término temático o nombre geográfico como elemento de entrada | Industria pesquera |
| Subdivisión general | Administración |
| Subdivisión geográfica | Caqueta (Colombia) |
| 9 (RLIN) | 49396 |
| 942 ## - ELEMENTOS ADICIONALES (KOHA) | |
| Sistema de clasificación | Dewey Decimal Classification |
| Tipo de ítem | Libro |
| Withdrawn status | Lost status | Sistema de Clasificación | Damaged status | No para préstamo | Colección | Ubicación Permanente | Ubicación actual | Fecha de adquisición | Total Checkouts | Número topográfico | Inventario / Código de Barras | Date last seen | Ejemplar | Price effective from | Tipo de material |
|---|---|---|---|---|---|---|---|---|---|---|---|---|---|---|---|
| Extraviado | Dewey Decimal Classification | General | Bogotá | Bogotá | 10/12/2002 | LB-381.437 R69b | 000246 | 04/12/2012 | Ej. 1 | 04/12/2012 | Libro |